Socio Economics Of The Black Market (Record no. 43466)

MARC details
000 -LEADER
fixed length control field 00441nam a22001697a 4500
005 - DATE AND TIME OF LATEST TRANSACTION
control field 20250328130536.0
008 - FIXED-LENGTH DATA ELEMENTS--GENERAL INFORMATION
fixed length control field 250328b |||||||| |||| 00| 0 eng d
020 ## - INTERNATIONAL STANDARD BOOK NUMBER
International Standard Book Number 9781787152915
041 ## - LANGUAGE CODE
Language code of text/sound track or separate title eng
082 ## - DEWEY DECIMAL CLASSIFICATION NUMBER
Classification number 330 WAN
100 ## - MAIN ENTRY--PERSONAL NAME
Author Wang, Tiande
245 ## - TITLE STATEMENT
Title Socio Economics Of The Black Market
260 ## - PUBLICATION, DISTRIBUTION, ETC.
Place UK
Publisher Kruger Brentt
Publication Year 2025
300 ## - PHYSICAL DESCRIPTION
Extent 357;. pages: 26 cm
650 ## - SUBJECT ADDED ENTRY--TOPICAL TERM
Subject Economics; Management Science; General
942 ## - ADDED ENTRY ELEMENTS (KOHA)
Koha item type Books
Holdings
Withdrawn status Lost status Source of classification or shelving scheme Damaged status Not for loan Home library Current library Shelving location Accession Date Vendor Price Bill number Total Checkouts Full call number Barcode No Date last seen Discount Bill Date Koha item type Suggested By
    Dewey Decimal Classification     IMTN IMTN Rack 7-A 03/24/2025 Raghav Books Private Limited 9905.70 2374   330 WAN 33756 03/28/2025 33 02/14/2025 Books Dr. Veena Pailwar
Designed & Maintained by: LRC IMT Nagpur Contact: lrc@imtnag.ac.in© 2024. All Rights Reserved.